Laufey songs in movies/shows - Statistics

General Stats
  • This quiz has been taken 5 times
  • The average score is 9 of 20
Answer Stats
Hint Answer % Correct
Song From The Start
75%
Song Mr. Eclectic
75%
Movie The Devil Wears Prada 2
75%
Movie A Big Beautiful Journey
50%
Song But Beautiful
50%
Song Christmas Magic
50%
Song Let's Dream In The Moonlight
50%
Song Love To Keep Me Warm
50%
Movie Red One
50%
Song Silver Lining
50%
Song The Christmas Waltz
50%
Song The Risk
50%
Song Winter Wonderland
50%
Show And Just Like That
25%
Movie Laufey's A Night At The Symphony: Hollywood Bowl
25%
Show Love Island USA
25%
Movie Single On The 25th
25%
Show Sirens
25%
Song The Risk - Instrumental
25%
Movie We Met In December
25%
No matching quizzes found
Score Distribution
Percent of People with Each Score
Percentile by Number Answered
Your Score History
You have not taken this quiz